<?xml version="1.0" encoding="UTF-8"?><?xml-stylesheet type="text/xsl" href="static/style.xsl"?><OAI-PMH xmlns="http://www.openarchives.org/OAI/2.0/" xmlns:xsi="http://www.w3.org/2001/XMLSchema-instance" xsi:schemaLocation="http://www.openarchives.org/OAI/2.0/ http://www.openarchives.org/OAI/2.0/OAI-PMH.xsd"><responseDate>2026-04-28T19:28:09Z</responseDate><request verb="GetRecord" identifier="oai:uvadoc.uva.es:10324/30811" metadataPrefix="marc">https://uvadoc.uva.es/oai/request</request><GetRecord><record><header><identifier>oai:uvadoc.uva.es:10324/30811</identifier><datestamp>2021-06-29T22:21:08Z</datestamp><setSpec>com_10324_38</setSpec><setSpec>col_10324_852</setSpec></header><metadata><record xmlns="http://www.loc.gov/MARC21/slim" xmlns:doc="http://www.lyncode.com/xoai" xmlns:xsi="http://www.w3.org/2001/XMLSchema-instance" xmlns:dcterms="http://purl.org/dc/terms/" xsi:schemaLocation="http://www.loc.gov/MARC21/slim http://www.loc.gov/standards/marcxml/schema/MARC21slim.xsd">
<leader>00925njm 22002777a 4500</leader>
<datafield tag="042" ind1=" " ind2=" ">
<subfield code="a">dc</subfield>
</datafield>
<datafield tag="720" ind1=" " ind2=" ">
<subfield code="a">Diego Uceta, Mónica de</subfield>
<subfield code="e">author</subfield>
</datafield>
<datafield tag="260" ind1=" " ind2=" ">
<subfield code="c">2018</subfield>
</datafield>
<datafield tag="520" ind1=" " ind2=" ">
<subfield code="a">El presente trabajo fin de grado pretende abordar la importancia de trabajar la coeducación en Educación Infantil, pues a estas edades los niños y niñas van adquiriendo una serie de valores, los cuales serán cruciales para el desarrollo de su identidad personal. Actualmente, siguen existiendo desigualdades de género y a pesar de que la sociedad se encuentra en un continuo cambio, surge la necesidad de educar en la igualdad a niños y niñas. Para ello, hemos diseñado, puesto en práctica y analizado una propuesta de intervención que tiene como eje la coeducación en un aula de cuatro años de Educación Infantil, con la finalidad de observar actitudes y comportamientos de los educandos ante las diferentes actividades propuestas que nos sirvan para conocer los aspectos clave para desarrollar la coeducación de forma efectiva en este nivel educativo.</subfield>
</datafield>
<datafield tag="024" ind2=" " ind1="8">
<subfield code="a">http://uvadoc.uva.es/handle/10324/30811</subfield>
</datafield>
<datafield ind1=" " ind2=" " tag="653">
<subfield code="a">Coeducación</subfield>
</datafield>
<datafield ind1=" " ind2=" " tag="653">
<subfield code="a">Sexismo en educación</subfield>
</datafield>
<datafield tag="245" ind1="0" ind2="0">
<subfield code="a">La coeducación en educación infantil: un reto necesario</subfield>
</datafield>
</record></metadata></record></GetRecord></OAI-PMH>